00473nam a2200157Ia 450000500170000000800410001708200130005810000220007124500290009326000370012230000130015950000230017294200060019595200990020199900150030020250320213749.0240331s9999 xx 000 0 und d bPARa894 aParthasarathy , I 0aVedapuratthu viyaparigal aMadrasbTamil Puthakalayamc1994 a244 p ., aTamil Social Novel cL 001040708LaWERCLbWERCLcSSCd2024-03-31l0o 894.811 PARp4481r2024-03-31w2024-03-31yL c4313d4313